Normal view
MARC view
- Ussama Khalid Barki (00000119203)
Entry Personal Name
001 - CONTROL NUMBER
- control field: 116367
003 - CONTROL NUMBER IDENTIFIER
- control field: NUST
005 - DATE AND TIME OF LATEST TRANSACTION
- control field: 20230912165936.0
008 - FIXED-LENGTH DATA ELEMENTS
- fixed length control field: 230912|| aca||aabn | a|a d
040 ## - CATALOGING SOURCE
- Original cataloging agency: NUST
- Transcribing agency: NUST
100 ## - HEADING--PERSONAL NAME
- Personal name: Ussama Khalid Barki (00000119203)
670 ## - SOURCE DATA FOUND
- Source citation: Work cat.: (NUST): Ussama Khalid Barki (00000119203), Development of kevlar (poly-aramid) based polymer electrolyte membrane for high temperature polymer electrolyte membrane fuel cell (HT-PEMFC) /, 2018
